| 000 | 01268nab a22002417a 4500 | ||
|---|---|---|---|
| 999 |
_c5899 _d5899 |
||
| 003 | OSt | ||
| 005 | 20260110003356.0 | ||
| 008 | 190605e xxu||||| |||| 00| 0 spa d | ||
| 040 | _cPJ | ||
| 100 |
_96772 _aPulvirenti, Orlando D. |
||
| 245 | 1 | 3 |
_aEl despido arbitrario en el empleo transitorio estatal / _cOrlando D. Pulvirenti. |
| 260 |
_aCiudad Autónoma de Buenos Aires : _bThomson Reuters La Ley, _c2023. |
||
| 300 | _ap. 32-37 | ||
| 500 | _aCita: TR LALEY AR/DOC/1352/2023. | ||
| 505 | _aSumario: I. Introducción.— II. Razones constitucionales formales en la revocación del fallo de Cámara.— III. Razones vinculadas a la arbitrariedad en la decisión administrativa.— IV. La convencionalidad como eje de estas decisiones.— V. Conclusiones. | ||
| 505 | _aFallo comentado: CS ~ 09/02/2023 ~ Flores, María José c. EN — M Público de la Defensa s/ amparo ley 16.986. | ||
| 505 | _t¿Te interesa el texto completo? Solicitalo al correo: koha@justierradelfuego.gov.ar | ||
| 650 | 0 |
_91316 _aDERECHO LABORAL |
|
| 650 | 0 |
_9938 _aEMPLEO PUBLICO |
|
| 650 | 0 |
_91533 _aDESPIDO |
|
| 773 | 0 |
_02711 _93168 _dCiudad Autónoma de Buenos Aires : Thomson Reuters La Ley, 1999-2002. _tRevista de derecho del trabajo. Nº 5 - Septiembre 2023 |
|
| 942 |
_2udc _cANA |
||